Význam a postavenie zmluvných nástrojov zahranično-obchodnej politiky v Slovenskej republike a námety na ich optimalizáciu

Námety na optimalizáciu postupu pri prerokúvaní medzištátnych obchodných zmlúv, ktoré sú dôležitými nástrojmi zahranično-obchodnej politiky. Celkové súvislosti a charakteristika zmluvných nástrojov zahranično-obchodnej politiky. Pojem a ciele zahranično-obchodnej politiky SR. Klasifikácia nástrojov...

Description complète

Enregistré dans:
Détails bibliographiques
Auteur principal: Zbojan, Igor
Format: Chapitre de livre
Langue:slovaque
Sujets:
Tags: Ajouter un tag
Pas de tags, Soyez le premier à ajouter un tag!

MARC

LEADER 00000naa a2200000 4500
001 r047502
005 20230808082727.6
041 0 |a slo 
044 |a SK 
245 1 0 |a Význam a postavenie zmluvných nástrojov zahranično-obchodnej politiky v Slovenskej republike a námety na ich optimalizáciu  |c Igor Zbojan 
520 |a Námety na optimalizáciu postupu pri prerokúvaní medzištátnych obchodných zmlúv, ktoré sú dôležitými nástrojmi zahranično-obchodnej politiky. Celkové súvislosti a charakteristika zmluvných nástrojov zahranično-obchodnej politiky. Pojem a ciele zahranično-obchodnej politiky SR. Klasifikácia nástrojov zahranično-obchodnej politiky. 
610 2 0 |a politika obchodná 
610 2 0 |a politika zahraničnoobchodná 
610 2 0 |a zmluvy obchodné 
610 2 0 |a vzťahy obchodné 
610 2 0 |a dohody obchodné 
610 2 0 |a Slovensko 
100 1 |a Zbojan, Igor